NXT Heritage Cup Champions - Statistics

General Stats
  • This quiz has been taken 384 times
    97 since last reset
  • The average score is 6 of 9
Answer Stats
Title Reigns Last Won Champion % Correct
4 2025 Noam Dar
84%
2 2024 Charlie Dempsey
82%
1 2024 Tony D'Angelo
80%
1 2025 Channing "Stacks" Lorenzo
77%
1 2024 Lexis King
70%
1 2020 A-Kid
61%
1 2023 Nathan Frazer
61%
1 2021 Tyler Bate
57%
1 2022 Mark Coffey
31%
No matching quizzes found
Score Distribution
Percent of People with Each Score
Percentile by Number Answered
Your Score History
You have not taken this quiz since the last reset